000 00827nam a22002417a 4500
999 _c1018
_d1018
003 AR-CdUCM
008 190226b ||||| |||| 00| 0 spa d
040 _aMUNICIPALIDAD PROVINCIAL DEL CUSCO
_cBIBLIOTECA MUNICIPAL DEL CUSCO
082 _a808.82 /
_bT33
100 _aTejada Manrique, Juan M.
_92093
245 _aDaniel el Gamonal :
_bLos Falsos Artistas /
_cTejada Manrique, Juan M.
260 _aLima :
_bNuestra SeƱora de la Merced,
_c1995.
300 _a166 paginas ;
_c25cm
500 _apieza teatral
505 _aEscena I -- Escena II -- Escena III -- Escena IV -- Escena V.
650 _aPiezas teatrales
_93965
650 _aEnsayo
_9274
650 _aPeru
_9429
700 _aAzalgara Ballon, Enrique
_93966
700 _aCarrasco Yactayo, Patricia
_93967
942 _2ddc
_cLIBROS
945 _apjha
_d2019-02-25